000 00489nam a2200193Ia 4500
005 20250326142638.0
008 250326s9999 xx 000 0 und d
037 _aTextbook
040 _aFMSL
_beng
_cFMSL
041 _aeng
_2eng
084 _qFMSL
100 _aBhalla V K
245 0 _aInvestment Management
_cBhalla V K; Stuteja S K
250 _aEd 2
260 _aNew Delhi
_bNew Delhi, S.Chand & Co.
_c1994
300 _a532p
942 _cTB
999 _c1295987
_d1295987